000 00323nam a22001457a 4500
008 221005b ||||| |||| 00| 0 eng d
020 _a9781111951320
041 _aeng
080 _a61
082 _a61 HOP
100 _a4
101 _aMJEK
245 _aINTRODUCTION TO HEALTH CAREERS
_cHOPPER .C.H
942 _2udc
_cBK
999 _c58360
_d58360